00971cam a22002655a 45000010009000000050017000090080041000260200026000670200023000930400064001160820019001801000027001992450057002262600043002833000034003265000024003605040031003846500028004156500043004436510010004866530034004969420019005309990017005499520139005661537481420151019105303.0080721t2009 njua frb 001 0 eng d a9780471757160 (cloth) a0471757160 (cloth) aDLCbengcDLCdBTCTAdBAKERdYDXCPdC#PdBWXdDLCdEG-ScBUE04a005.1bSCI2221 aSciore, Edward.93851710aDatabase design and implementation /cEdward Sciore. aHoboken :bJohn Wiley & Sons,cc.2009. axxi, 762 p. :bill. ;c25 cm. aIndex : p. 757-762. aBibliography : p. 754-756. 0aDatabase design.2BUEsh 0aComputer softwarexDevelopment.2BUEsh 2BUEsh bCOMSCIcJune2015cOctober2015 2ddck005.1 SCI c19923d19895 00102ddc40708AlahramaMAINbMAINcLOWd2015-06-24ePurchaseg326.45h312l0o005.1 SCIp000039094r2025-07-15 00:00:00v408.06yBB